Ryans & Bryans by Picture - Statistics

General Stats
  • This quiz has been taken 29 times
  • The average score is 7 of 15
Answer Stats
Picture Answer % Correct
Ryan Gosling
100%
Ryan Reynolds
93%
Bryan Adams
79%
Brian May
71%
Brian Griffin
68%
Bryan Cranston
68%
Ryan Seacrest
46%
Brian Wilson
36%
Brian Cox
32%
Brian Johnson
32%
Ryan Phillippe
29%
Ryan Lochte
25%
Brian Austin Green
18%
Brian Quinn
18%
Ryan Garcia
18%
No matching quizzes found
Score Distribution
Percent of People with Each Score
Percentile by Number Answered
Your Score History
You have not taken this quiz